Manual SECOT de cirugía ortopedica y traumatología (Registro nro. 29485)

Detalles MARC
000 -CABECERA
Longitud fija campo de control 01148nam a2200229 a 4500
003 - • IDENTIFICADOR DELl NÚMERO DE CONTROL
Identificador del número de control CO-ViMGA
008 - • CÓDIGOS DE INFORMACIÓN DE LONGITUD FIJA
Códigos de información de longitud fija 141112s2004 ck r 000 u spa d
020 ## - • NÚMERO INTERNACIONAL NORMALIZADO PARA LIBROS
Número Internacional Normalizado para Libros (ISBN) 847903758X
040 ## - FUENTE DE LA CATALOGACIÓN
Centro catalogador de origen CO-ViMGA
Lengua de catalogación spa
Centro transcriptor CO-ViMGA
082 04 - • NÚMERO DE LA CLASIFICACIÓN DECIMAL DEWEY
Número de clasificación (R) 617.3 M158
100 1# - • PUNTO DE ACCESO PRINCIPAL-NOMBRE DE PERSONA
Nombre de persona Cáceres Palou, Enrique
110 ## - • PUNTO DE ACCESO PRINCIPAL-NOMBRE DE ENTIDAD CORPORATIVA
Nombre de entidad corporativa o nombre de jurisdicción como elemento inicial Sociedad española de cirugía ortopedica ytraumatología
245 10 - • TITULO PROPIAMENTE DICHO
Título Manual SECOT de cirugía ortopedica y traumatología
300 ## - • DESCRIPCIÓN FÍSICA
Extensión 948p
505 ## - • NOTA DE CONTENIDO CON FORMATO
Nota de contenido con formato La ortesis en los peocesos del aparato locomotor 95 - - Osteonecrosis y osteocondrosis 217 - - Distrofias siniviales y tumores articulares 341 - - Miembro superior Malformaciones congenitas del miembro superior 451 - - Fracturas de los metacarpianos y de las falanges de la mano 569 - - Metatarsalgias 684 - - Fracturas de la tibia 811 - - Patología del disco intervertebral 927
590 ## - NOTAS LOCALES
Nota local Forma de adquisición : Compra fact. 0534 - - Precio : 245000 - - Proveedor : Temas y libros - - Fecha de adquisición : Abril 2006
650 14 - • PUNTO DE ACCESO ADICIONAL DE MATERIA - TÉRMINO DE MATERIA
Término de materia o nombre geográfico como elemento inicial ORTOPEDIA
650 14 - • PUNTO DE ACCESO ADICIONAL DE MATERIA - TÉRMINO DE MATERIA
Término de materia o nombre geográfico como elemento inicial TRAUMATOLOGIA
942 ## - ENTRADA DE ELEMENTOS AGREGADOS (KOHA)
Fuente de clasificaión o esquema Dewey Decimal Classification
Koha [por defecto] tipo de item LIbro
Existencias
Perdido Fuente de clasificación o esquema Estado Físico No para préstamo Forma de adquisición Localización permanente Localización actual Fecha adquisición Serie de enumeración / cronolog&íacute;a Préstamos totales Signatura completa Código de barras Fecha última consulta Número de copia Fecha del precio de reemplazo Tipo de item de Koha
  Dewey Decimal Classification     Sala Especializada Tercer Piso Biblioteca Pública Germán Arciniegas - Villavicencio Biblioteca Pública Germán Arciniegas - Villavicencio 12/04/2015 Volumen. 1 | 11/jun/2009   617.3 M158 20491 12/04/2015 Ej. 1 12/04/2015 LIbro









Instituto Departamental de Cultura del Meta - Red Departamental de Bibliotecas Públicas del Meta.